Land vs. Land #189 - Statistiken

Allgemein
  • Dieses Quiz wurde 28 mal gespielt
  • Das Durchschnittsergebnis liegt bei 12 aus 14
Antwortstatistiken
Frage Antwort % Korrekt
...Bruttoinlandsprodukt pro Kopf? Deutschland🇩🇪
100%
...HDI (Human Development Index)? Deutschland🇩🇪
96%
...Gesundheitswesen? Deutschland🇩🇪
96%
...Frieden? Deutschland🇩🇪
96%
...durchschnittlicher IQ? Deutschland🇩🇪
96%
...Gewinner? Deutschland🇩🇪
96%
...Bruttoinlandsprodukt? Deutschland🇩🇪
92%
...Lebenserwartung? Deutschland🇩🇪
92%
...Exportmengen? Deutschland🇩🇪
92%
...Fläche? Türkei🇹🇷
92%
...Happy Planet Index? Deutschland🇩🇪
77%
...Militär? Türkei🇹🇷
73%
...Tourismus? Türkei🇹🇷
62%
...Einwohner? Türkei🇹🇷
58%
Keine übereinstimmenden Quizze gefunden
Verteilung der Resultate
Anzahl Personen mit jedem Resultat
Perzentil nach korrekt beantworteten Fragen
Ihre Resultats-Entwicklung
Sie haben dieses Quiz noch nicht gespielt